000 00842nam a2200241Ia 4500
003 CO-CtgCURN
005 20250409210212.0
008 190723s9999 xx 000 0 und d
020 _a9586908216
040 _aCO-CtgCURN
_bspa
_ccoctgcurn
082 _a347.09
_bH557c
100 _aHernandez Tous, Alfonso
245 0 _aLa conciliación entrajudicial en derecho :
_bcomo requisito de procedibilidad /
_cAlfonso Hernandez Tous
260 _aBogotá, Colombia :
_bLeyer,
_c2005
300 _a150 páginas ;
_c20 centímetros
521 _aAREA PROFESIONAL
590 _aPrograma de Derecho_18
650 _aMediacion
650 _aSolucion de conflictos
942 _cBK
_h347.09
_iH557c
999 _c29760
_d29760